| 000 | 00504nam a22001817a 4500 | ||
|---|---|---|---|
| 999 |
_c172254 _d172254 |
||
| 005 | 20200130141100.0 | ||
| 010 | _aENG-127575 | ||
| 020 |
_a9789388927376 _c200.00 |
||
| 035 | _aEN-111107 | ||
| 037 | _bDBAD/PUB | ||
| 082 | _a370 | ||
| 100 | _aImran Khan | ||
| 245 |
_aTeaching Short Stories: _cby Imran Khan |
||
| 260 |
_aAhmedabad _bVedant Publication _c2019 |
||
| 270 |
_bAhmedabad _aRajkot, Ahmedabad, Surat _e360001 |
||
| 300 |
_a103p. _b20cm(pbk) |
||
| 942 |
_2ddc _cEN _h370 _mIMR |
||